000 00475cam a22001457a 4500
999 _c509046
_d509046
008 180718b1959 xxu||||| |||| 00| 0 eng d
082 _aB7x5422 M264
100 _aMadhya Pradesh. Local Self-Government Department
_93735
245 _aReport of the Rural Local Self-Governments Committee,
260 _aBhopal
_bGovernment Central Press
_c1959
300 _a127p.
500 _aChairman: Kashi Prasad Pande
700 _aPande, Kashi Prasad (Chairman)
_94629
942 _2ddc